[Event "Jerusalem Japhet Memorial op 2nd"]
[Site "Jerusalem"]
[Date "2014.07.22"]
[Round "7"]
[White "Ritvo, Dan"]
[Black "Slonimskij, Arkadij"]
[Result "1-0"]
[WhiteElo "1877"]
[BlackElo "2207"]
[PlyCount "55"]
[EventDate "2014.07.16"]
[EventType "swiss"]
[EventRounds "9"]
[EventCountry "ISR"]
[SourceTitle "CBM 161 Extra"]
[Source "ChessBase"]
[SourceDate "2014.08.29"]
[SourceVersion "1"]
[SourceVersionDate "2014.08.29"]
[SourceQuality "1"]

1. e4 Nf6 2. e5 Nd5 3. d4 d6 4. Nf3 Bg4 5. Be2 c6 6. 0-0 Bxf3 7. Bxf3 dxe5 8. dxe5 e6 9. Re1 Nd7 10. Nd2 Qc7 11. Nc4 b5 12. Bxd5 cxd5 13. Nd6+ Bxd6 14. Qxd5 0-0-0 15. exd6 Qb7 16. Qd4 e5 17. Qb4 Kb8 18. a4 bxa4 19. Rxa4 Nb6 20. Ra5 f6 21. c4 Rd7 22. Rb5 Rc8 23. c5 Qc6 24. cxb6 a5 25. Qxa5 Qxc1 26. b7 Rxb7 27. Rxb7+ Kxb7 28. d7 1-0

[Event "Jerusalem Japhet Memorial op 2nd"]
[Site "Jerusalem"]
[Date "2014.07.21"]
[Round "6"]
[White "Shimonovich, Yoav"]
[Black "Ritvo, Dan"]
[Result "0-1"]
[WhiteElo "2102"]
[BlackElo "1877"]
[PlyCount "52"]
[EventDate "2014.07.16"]
[EventType "swiss"]
[EventRounds "9"]
[EventCountry "ISR"]
[SourceTitle "CBM 161 Extra"]
[Source "ChessBase"]
[SourceDate "2014.08.29"]
[SourceVersion "1"]
[SourceVersionDate "2014.08.29"]
[SourceQuality "1"]

1. d4 Nf6 2. Bf4 d5 3. Nd2 b6 4. e3 e6 5. Ngf3 Bb7 6. c3 Nbd7 7. Ne5 Nxe5 8. dxe5 Nd7 9. h4 c5 10. Nf3 h6 11. c4 Qc7 12. cxd5 Bxd5 13. Qc2 Qb7 14. 0-0-0 0-0-0 15. a4 Kb8 16. Kb1 Ka8 17. Bd3 Be7 18. e4 Bc6 19. Qc4 Nb8 20. Nd2 Rd4 21. Qc2 Rhd8 22. Bb5 Rxd2 23. Rxd2 Bxe4 24. Bd3 Rxd3 25. Rxd3 Qa6 26. Rhd1 c4 0-1